000 00666nam a2200253Ia 4500
001 26115
005 20240114000911.0
007 ta
008 060504s 194 g b000 u 465 u
040 _aCotton College,Assam
041 _a465
082 _a823.1
_bW 324 W
100 _aHaydn , Hiram .
245 0 _aA World of Great Stories /
_cHiram Haydn & John Cournos.
_hTextual Documents
250 _a1st ed. /
260 _aNew York :
_bCrown Publisher ,
_cC 1947.
300 _a950p. ;
_c22cm.
653 _aEnglish fiction
653 _aG-English
700 _aCournos, John .
942 _2ddc
_cBK
999 _c26097
_d26097